Viajes y cambios de residencia en el mundo romano /
| Autor principal: | |
|---|---|
| Otros Autores: | , |
| Formato: | Electrónico eBook |
| Lenguaje: | español francés italiano |
| Publicado: |
Santander :
Ediciones Universidad Cantabria,
[2020]
|
| Colección: | Colección historia (Santander, Spain) ;
#107. |
| Materias: | |
| Acceso en línea: | Digitalia Hispánica |
MARC
| LEADER | 00000nam a2200000 i 4500 | ||
|---|---|---|---|
| 001 | DIGUCANT0094 | ||
| 003 | NyNyDIG | ||
| 006 | m o d | ||
| 008 | 210606s2020 sp ab ob 100 0 spa d | ||
| 007 | cr ||||||||||| | ||
| 035 | |a (OCoLC)1256234788 | ||
| 040 | |a DGITA |b eng |e rda |e pn |c DGITA | ||
| 020 | |a 9788481029369 |q eBook |q pdf | ||
| 020 | |a 848102936X |q eBook |q pdf | ||
| 020 | |z 9788481025798 |q rústica | ||
| 020 | |z 8481025798 |q rústica | ||
| 041 | 0 | |a spa |a fre |a ita | |
| 043 | |a e------ |a aw----- |a ff----- | ||
| 050 | 1 | 4 | |a DG41 ebook |
| 082 | 0 | 4 | |a 937 |
| 245 | 0 | 0 | |a Viajes y cambios de residencia en el mundo romano / |c José Manuel Iglesias Gil, Alicia Ruiz Gutiérrez (editores) ; autores, Juan Manuel Abascal Palazón [and 15 others] |
| 264 | 1 | |a Santander : |b Ediciones Universidad Cantabria, |c [2020] | |
| 300 | |a 1 online resource : |b illustrations, maps. | ||
| 336 | |a text |b txt |2 rdacontent | ||
| 337 | |a computer |b c |2 rdamedia | ||
| 338 | |a online resource |b cr |2 rdacarrier | ||
| 347 | |a text file |2 rdaft | ||
| 347 | |b PDF | ||
| 490 | 1 | |a Colección Historia ; |v #107 | |
| 500 | |a Papers presented at a conference held at the Universidad de Cantabria, February 17-18, 2011. | ||
| 504 | |a Includes bibliographical references. | ||
| 546 | |a Texts in Spanish, French, and Italian. | ||
| 588 | 0 | |a Online resource; title from PDF title page (Digitalia, viewed June 7, 2021) | |
| 650 | 0 | |a Travel, Ancient |v Congresses. | |
| 651 | 0 | |a Rome |x Emigration and immigration |v Congresses. | |
| 650 | 0 | |a Residential mobility |z Rome |v Congresses. | |
| 650 | 0 | |a Voyages and travels |x History |y To 1500. | |
| 655 | 0 | |a Electronic books. | |
| 655 | 7 | |a Conference papers and proceedings. |2 lcgft | |
| 700 | 1 | |a Iglesias Gil, José M., |e editor. | |
| 700 | 1 | |a Ruiz, Alicia, |e editor. | |
| 700 | 1 | |a Abascal Palazón, Juan Manuel, |e author. | |
| 791 | 2 | |a Digitalia (Firm), |e distributor. | |
| 793 | 0 | |g Digitalia eBook Collection: |a Universidad de Cantabria | |
| 776 | 0 | 8 | |i Print version: |t Viajes y cambios de residencia en el mundo romano. |d Santander : Ediciones Universidad Cantabria, [2011] |z 9788481025798 |w (OCoLC)773017240 |
| 830 | 0 | |a Colección historia (Santander, Spain) ; |v #107. | |
| 856 | 4 | 0 | |3 Digitalia Hispánica |u https://www.digitaliapublishing.com/a/68991/ |
| 910 | |a Premium collection: 2021 | ||


